000 00636nam a2200217Ia 4500
001 60336
008 170224n2016 ii |||gr||||Z||||||465
020 _a978-81-219-0263-2
041 _a465
082 _a546
100 _aPrakash,Sattya ,
_eAuthor.
245 0 _aAdvanced Inorganic Chemistry :
_bVol-1 /
_cSattya Prakash,G,D,Tuli & Others .
_hTextual Documents
250 _aReprinted--2016.
260 _aAssam
_bS.Chand & Company Ltd.
_c2016
300 _a1391pg:
_c27cm.
653 _aInorganic chemistry
653 _aG-Chemistry
653 _aChemisry- Inorganic
700 _aTuli,G,D, & others,
_eAuthor.
942 _2ddc
_cBK
999 _c61477
_d61477